000 00865nas a2200301 4500
001 BR9702557
003 BR-BrBNA
005 20231205100215.0
007 ta
008 230509b bl.|||p| |||| 00| 00por d
040 _aBR-BrBNA
_bpor
_cBiblioteca Nacional de Agricultura
041 _a(Pt)
072 _aM12
100 1 _aOliveira, A.C.B. de
100 1 _aPezzato, L.E.
100 1 _aBarros, M.M.
100 1 _aPezzato, A.C.
100 1 _aSilveira, A.C.
245 1 _aTorta de dende em dieta para a tilapia-do-nilo: desempenho produtivo
650 _aTilapia Nilotica
650 _aTorta
650 _aDende
650 _aDieta
650 _aGanho de Peso
773 0 _tPesquisa Agropecuaria Brasileira (Brazil)
_xISSN 0100-204X
_g(Apr 1997), v. 32(4) p. 443-449
_wBR9702557
909 _a202311
_bLúcia
_c55
_dLúcia Elande
942 _2AGRIS
_n0
_cANA
999 _c154766
_d154766